000 01266nam a2200217Ia 4500
003 Ost
005 20260507075650.0
008 260507s9999||||xx |||||||||||||| ||und||
040 _cfsecg
041 _aara
082 _a658.40388
100 _aبلال، محمد اسماعيل
_eمؤلف
245 0 _aنظم المعلومات الإدارية /
_c محمد اسماعيل بلال
260 _aالإسكندرية:
_bدار الجامعة الجديدة,
_c2005
300 _a398 صفحة؛
_bإيضاحات ؛
_c24 سم
504 _aالمراجع ص. 389
520 _aمفهوم وطبيعة نظم المعلومات- أنواع نظم المعلومات الإدارية- بناء نظم المعلومات- نظم المعلومات المبنية على الحاسب الآلي- إدارة المعرفة- اتخاذ القرارات في ظل مستويات مختلفة - نظم المعلومات الوظيفية- تقييم أداء نظم المعلومات- العلاقة بين نمط القيادة ونمط الإتصال السائد لدى المدير -استخدام برمجية في تصميم النظم الجيرة.
653 _aالإدارة
653 _aنظم المعلومات الإدارية
942 _cكتاب
999 _c45583
_d45583